000 00485nam a22001937a 4500
003 MPLRDC
005 20220104173658.0
008 210129b ||||| |||| 00| 0 eng d
020 _a0-06-440767-5
082 _a874.54 SNIC-2
100 _aLEMONY SNICKET
245 _aTHE REPTILE ROOM
_c
250 _a初版
260 _a
_bHARPER COLLINS PUBLISHERS
_c1999
300 _b
490 _aA SERIES OF UNFORTUNATE EVENTS,BK SECOND
650 _a
942 _cBK
_o874.54 SNIC-2
999 _c59525
_d59515